Statistics for ‘I’ General Knowledge

Click here to take the quiz!

General Stats

  • This quiz has been taken 34 times
  • The average score is 12 of 15

Answer Stats

HintAnswer% Correct
What object sank the Titanic?Iceberg
100%
2.54cm is equivalent to what other measurement?Inch
94%
Constantinople was the old name of what city?Istanbul
94%
The Tigris and the Euphrates are rivers that flow through which country?Iraq
91%
On what peninsula does Spain and Portugal sit on?Iberian
88%
Tony Stark is the alter ego of what superhero?Iron Man
88%
In Greek Mythology, who’s wings melted when flying to the sun?Icarus
84%
What does the ‘I’ stand for in CIAIntelligence
84%
Claude Monet was the founder of what artistic movement?Impressionism
75%
Who is the author of the James Bond novels?Ian Fleming
69%
What is the mathematical term for a whole number?Integer
69%
In the phonetic alphabet, what word represents ‘I’?India
66%
The chemical symbol for _______ is IIodine
63%
What type of triangle only has two sides of equal length?Isosceles
63%
The 3 main types of rock include; Metamorphic, Sedimentary and what other?Igneous
56%

Score Distribution

Percentile by Number Answered

Percent of People with Each Score

Your Score History

You have not taken this quiz